00330nam a22001457a 4500003000400000005001700004008004100021020001500062040000700077082001100084100001900095245003700114260002500151300000800176OSt20220406110655.0220406b |||||||| |||| 00| 0 eng d a8120327918 cHU a006.31 aAlpaydin Ethem aIntroduction To Machine Learning aNew DelhibNew Delhi f415